000 00632nam a2200181 a 4500
001 000034713
005 20200930073846.0
008 111019s1954 cu 000 0 spa d
040 _aDO-SdBNP
_bspa
_cBNPHU
100 1 _aPiñera Llera, Humberto
_960172
245 1 0 _aIntroducción a la filosofía /
_cHumberto Piñera Llera.
260 _aLa Habana :
_bCultural,
_c1954.
300 _a348 p. :
_bil., retrs. ;
_c22 cm.
500 _aIncluye índice
500 _aIncluye referencias bibliográficas y notas al pie de las páginas
590 _aPerteneció a la biblioteca personal de Juan Isidro Jimenes Grullón.
049 _aBNPD
999 _c34204
_d34204